Library Banner
Normal view MARC view

Entry Personal Name

Number of records used in: 1

001 - CONTROL NUMBER

  • control field: 3952

003 - CONTROL NUMBER IDENTIFIER

  • control field: PK-LaUMT

005 - DATE AND TIME OF LATEST TRANSACTION

  • control field: 20250103092633.0

008 - FIXED-LENGTH DATA ELEMENTS

  • fixed length control field: 250103|| aca||aabn | a|a d

040 ## - CATALOGING SOURCE

  • Original cataloging agency: PK-LaUMT
  • Transcribing agency: PK-LaUMT

100 ## - HEADING--PERSONAL NAME

  • Personal name: Abdul Rehman Umaira, Muhammad = عبدالرحمن عمیرہ، محمد

670 ## - SOURCE DATA FOUND

  • Source citation: Work cat.: (PK-LaUMT)136467: Abdul Rehman Umaira, Muhammad = عبدالرحمن عمیرہ، محمد, Maqamat i salook = مقامات سلوک /, NA